Statistiques concernant Pokemon à évolutions multiples

Cliquez ici pour prendre le quiz!

Statistiques générales

  • Ce quiz a été pris 74 fois
  • Le résultat moyen est 10 sur 16

Statistiques - réponses

Type 1Type 2Réponse% Correct
NormalEvoli
87%
PsyFéeKirlia
80%
CombatDebugant
77%
PlantePoisonOrtide
75%
GlaceStalgamin
75%
InsecteChenipotte
70%
EauPsyRamoloss
70%
EauTêtarte
66%
PlanteDragonVerpom
64%
InsecteSolNingale
62%
EauCoquiperl
57%
InsecteVolInsécateur
57%
FeuCharbambin
54%
InsecteCheniti
49%
PsyCosmovum
34%
PsyRamoloss de Galar
16%

Distribution des résultats

Percentile par nombre de réponses

% des personnes avec chaque résultat

Votre développement - résultats

Vous n’avez pas pris ce quiz